000 00500nam a2200181Ia 4500
003 GCL
008 140319s9999 xx 000 0 ara d
040 _aGCL /
_cGCL
082 0 4 _a953
_bا ح
100 1 _aاحمد زكى
245 1 0 _aالحضارة الاسلامية /
_cاحمد زكى
260 _a[S.N] :
_bالجامعة المصرية
300 _a84 ص
490 _a
650 0 4 _aالثقافة الاسلامية
650 0 4 _aالحضارة الاسلامية
942 _2ddc
_cBK
999 _c58447
_d58447